Manejo y resolución de conflictos (Registro nro. 318891)

Detalles MARC
000 -ENCABEZADO
Número de control [NR] 00775nam a2200205 a 4500
005 - FECHA Y HORA DE LA ÚLTIMA TRANSACCIÓN
control field 20210809104310.0
008 - DE LONGITUD FIJA DE DATOS DE ELEMENTOS - INFORMACIÓN GENERAL
Elementos de longitud fija [NR] 210809s2003 ck |||gr|||| 00| 0 spa d
040 ## - FUENTE DE CATALOGACION [NR]
Agencia de catalogación original [NR] CO-BoUCM
Quien Cataloga Deissy Garcia
Quien Clasifica Deissy Garcia
041 0# - CODIGO DE IDIOMA [R]
Código de idioma para texto/pista de sonido o título separado [R] Español
100 1# - ASIENTO PRINCIPAL--NOMBRE PERSONAL [NR]
ID Autoridad 104594
Nombre personal [NR] Ardila Galvis, Constanza
245 10 - MENCION DE TITULO [NR]
Título [NR] Manejo y resolución de conflictos
Parte restante del título [NR] una visinón constructiva del conflicto
Mención de responsabilidad, etc. [NR] Constanza Ardila Galvis, Corporación Educativa Cedavida
260 ## - PUBLICACION, DISTRIBUCION, ETC. (PIE DE IMPRENTA) [R]
Lugar de publicación, distribución, etc. [R] [Bogotá]
Nombre del editor, distribuidor, etc. [R] Cedavida
Fecha de publicación, distribución, etc. [R] 2003
300 ## - DESCRIPCION FISICA [R]
Extensión [R] 87 páginas
504 ## - NOTA DE BIBLIOGRAFIA, ETC. [R]
Nota de bibliografía, etc. [NR] Incluye referencias bibliográficas
650 #7 - ASIENTO SECUNDARIO DE MATERIA - TERMINO TEMATICO [R]
9 (RLIN) 24842
Término temático o nombre geográfico como elemento de entrada [NR] Solución de conflictos
650 #7 - ASIENTO SECUNDARIO DE MATERIA - TERMINO TEMATICO [R]
9 (RLIN) 11577
Término temático o nombre geográfico como elemento de entrada [NR] Conflictos
710 2# - ASIENTO SECUNDARIO - NOMBRE CORPORATIVO [R]
Nombre corporativo o de jurisdicción como elemento de entrada [NR] Corporación Educativa Cedavida
9 (RLIN) 104595
942 ## - ELEMENTOS DE ENTRADA AGREGADOS (KOHA)
Tipo de ítem principal el descrito en 300a Libro
Sistema de clasificación DEWEY
Tema principal Sociología
Edición 1
Clasificación 303.66
Parte restante de la signatura top. A676m
Título oculto en OPAC No
Existencias
Fecha de último préstamo Total préstamos Signatura topográfica Código de barras Última vez visto Ejemplar Costo de reposición Price effective from Tipo de ítem Perdido Sistema de clasificación Dañado No prestable Tipo de ítem específico Suprimido Ubicación habitual Ubicación actual Localización Fecha de creación Forma de adquisición Costo
04/08/2023 1 303.66 A676m 100167322 09/12/2025 Ej.1 26000.00 27/05/2021 Libro   DEWEY     Libro   Claustro Claustro 2do piso 27/05/2021 Donación 0.00